<?xml version="1.0" encoding="UTF-8"?>
<record
    xmlns:xsi="http://www.w3.org/2001/XMLSchema-instance"
    xsi:schemaLocation="http://www.loc.gov/MARC21/slim http://www.loc.gov/standards/marcxml/schema/MARC21slim.xsd"
    xmlns="http://www.loc.gov/MARC21/slim">

  <leader>01085nam a22001337a 4500</leader>
  <controlfield tag="008">180803b        xxu||||| |||| 00| 0 eng d</controlfield>
  <datafield tag="082" ind1=" " ind2=" ">
    <subfield code="a">791.309.72</subfield>
    <subfield code="b">Z25f</subfield>
  </datafield>
  <datafield tag="100" ind1=" " ind2=" ">
    <subfield code="a">Zamorano, Beatriz et al.</subfield>
    <subfield code="9">6559</subfield>
  </datafield>
  <datafield tag="245" ind1=" " ind2=" ">
    <subfield code="a">Fronteras Circenses: Antecedentes, desarrollo y arte del circo</subfield>
  </datafield>
  <datafield tag="260" ind1=" " ind2=" ">
    <subfield code="a">M&#xE9;xico</subfield>
    <subfield code="b">Instituto Nacional de Bellas Artes y Literatura</subfield>
    <subfield code="c">2012</subfield>
  </datafield>
  <datafield tag="300" ind1=" " ind2=" ">
    <subfield code="a">151 p.</subfield>
    <subfield code="b">ill.</subfield>
    <subfield code="c">21.3 cm</subfield>
  </datafield>
  <datafield tag="505" ind1=" " ind2=" ">
    <subfield code="t">Presentaci&#xF3;n</subfield>
    <subfield code="t">De payasos, locos, mimos y saltimbanquis</subfield>
    <subfield code="r">Merl&#xED;n, Socorro</subfield>
    <subfield code="t">Antecedentes de los cirqueros en M&#xE9;xico: chocarreros, titiretas, maromeros, prestidigitadores y otros prodigios</subfield>
    <subfield code="r">V&#xE1;sques, Miguel &#xC1;ngel.</subfield>
    <subfield code="t">Las artes circenses en los t&#xED;teres de Rosete Aranda</subfield>
    <subfield code="r">Miranda, Francisca</subfield>
    <subfield code="t">La importancia de llamarse Rabanito. Grandes poetas de la Mixteca Baja Oaxaque&#xF1;a</subfield>
    <subfield code="r">Robles, Luz Mar&#xED;a</subfield>
    <subfield code="t">Construcci&#xF3;n y evoluci&#xF3;n de la imagen del payaso en el arte</subfield>
    <subfield code="r">Velarde, Sof&#xED;a Irene</subfield>
    <subfield code="t">El circo de los pintores de M&#xE9;xico</subfield>
    <subfield code="r">Zamorano, Beatriz</subfield>
    <subfield code="t">El circo en el cine mexicano</subfield>
    <subfield code="r">Res&#xE9;ndiz, Andr&#xE9;s</subfield>
  </datafield>
  <datafield tag="650" ind1=" " ind2=" ">
    <subfield code="2">Arte contempor&#xE1;neo</subfield>
    <subfield code="x">Arte - performance</subfield>
    <subfield code="x">Arte - circo</subfield>
    <subfield code="z">Circo - M&#xE9;xico - Historia</subfield>
    <subfield code="9">6560</subfield>
  </datafield>
  <datafield tag="999" ind1=" " ind2=" ">
    <subfield code="c">1566</subfield>
    <subfield code="d">1566</subfield>
  </datafield>
  <datafield tag="952" ind1=" " ind2=" ">
    <subfield code="0">0</subfield>
    <subfield code="1">0</subfield>
    <subfield code="2">ddc</subfield>
    <subfield code="4">0</subfield>
    <subfield code="7">0</subfield>
    <subfield code="a">LV</subfield>
    <subfield code="b">LV</subfield>
    <subfield code="c">Pensamiento</subfield>
    <subfield code="d">2018-08-03</subfield>
    <subfield code="l">0</subfield>
    <subfield code="o">791.309.72 Z25f</subfield>
    <subfield code="p">004645</subfield>
    <subfield code="r">2018-08-03 00:00:00</subfield>
    <subfield code="w">2018-08-03</subfield>
    <subfield code="y">01</subfield>
  </datafield>
</record>
